[Event "XIV Magistral"]
[Site "Elgoibar"]
[Date "2004.12.16"]
[Round "6.4"]
[White "Gonzalez De la Torre, Santiago"]
[Black "Cheparinov, Ivan"]
[Result "0-1"]
[WhiteElo "2384"]
[BlackElo "2576"]
[PlyCount "118"]
[EventDate "2004.12.??"]

1. d4 Nf6 2. Nf3 g6 3. c4 Bg7 4. Nc3 d6 5. e4 O-O 6. Be3 Bg4 7. Qb3 Qc8 8. Nd2
c6 9. f3 Bd7 10. Qc2 Na6 11. Rc1 e5 12. dxe5 dxe5 13. c5 Be6 14. Bc4 Nb4 15.
Qb1 Nbd5 16. Bg5 Nf4 17. O-O Rd8 18. Rc2 b5 19. cxb6 axb6 20. Bb3 b5 21. Nd5
N4xd5 22. exd5 Bxd5 23. Ne4 Qf5 24. Bxd5 cxd5 25. Rc6 dxe4 26. Bxf6 Rd3 27.
fxe4 Qxe4 28. Qc1 Bxf6 29. Rcxf6 Qd4+ 30. Kh1 Rf8 31. Qc6 Qd5 32. b3 Qxc6 33.
Rxc6 e4 34. Kg1 Ra8 35. Rc7 e3 36. Rc2 b4 37. Rfc1 Rd2 38. Kf1 Rxa2 39. Rxa2
Rxa2 40. Re1 Rb2 41. Rxe3 Kf8 42. h4 f5 43. Kg1 Kf7 44. Kh2 h6 45. Kg3 g5 46.
hxg5 hxg5 47. Kf3 g4+ 48. Kg3 Kf6 49. Rd3 Kg5 50. Kh2 Kh4 51. Kg1 f4 52. g3+
fxg3 53. Rd4 Rxb3 54. Kg2 Rb2+ 55. Kg1 g2 56. Kh2 g1=Q+ 57. Kxg1 Kh3 58. Rd1 b3
59. Rd8 Rc2 0-1

[Site "Elgoibar"]
[Date "2004.12.16"]
[Round "6.5"]
[White "Perez Candelario, Manuel"]
[Black "Mirzoev, Azer"]
[Result "1/2-1/2"]
[WhiteElo "2474"]
[BlackElo "2513"]
[PlyCount "74"]
[EventDate "2004.12.??"]

1. e4 Nf6 2. e5 Nd5 3. d4 d6 4. Nf3 dxe5 5. Nxe5 c6 6. c4 Nb4 7. Be3 Bf5 8. Nd3
e5 9. Nxb4 Bxb4+ 10. Nc3 Qa5 11. Qb3 Na6 12. Be2 exd4 13. Bxd4 O-O-O 14. Be3
Nc5 15. Bxc5 Qxc5 16. O-O Rd2 17. Na4 Qa5 18. a3 Bd6 19. c5 Bxh2+ 20. Kxh2 Qc7+
21. Kg1 Rxe2 22. Qf3 Qe5 23. b4 Qe4 24. Qg3 Qg4 25. Qh2 Rd8 26. Rae1 Rxe1 27.
Rxe1 Rd1 28. Qe5 Rxe1+ 29. Qxe1 Qe4 30. Qd2 Qd3 31. Qg5 g6 32. Qe7 Be6 33. Qf8+
Qd8 34. Qg7 h5 35. Nc3 Kb8 36. Ne4 a5 37. Qe5+ Ka7 1/2-1/2